000 00603nam a2200253Ia 4500
005 20260121160848.0
008 008 260114s9999 xx 000 0 eng d
020 _a9781315722740
037 _aEBOOK
040 _aCRL
040 _beng
040 _cCRL
041 _2eng
041 _aeng
084 _qCRL
100 _a Nick Toczek
_91037261
245 0 _aHaters, Baiters and Would-Be Dictators
260 _bTaylor and Francis
260 _c2016
856 _uhttp://www.taylorfrancis.com/books/9781315722740
942 _cEBOOK
999 _c1604077
_d1604077